Transformers TV Shows - Statistics

General Stats
  • This quiz has been taken 104 times
  • The average score is 13 of 19
Answer Stats
Year Answer % Correct
1984 The Transformers
99%
2010 Transformers: Prime
97%
1996 Beast Wars: Transformers
92%
2002 Transformers: Armada
84%
2007 Transformers: Animated
81%
2005 Transformers: Cybertron
81%
2000 Transformers: Robots in Disguise
80%
2015 Transformers: Robots in Disguise
80%
2004 Transformers: Energon
77%
2018 Transformers: Cyberverse
73%
2022 Transformers: Earthspark
73%
2012 Transformers: Rescue Bots
68%
1999 Beast Machines
59%
2025 Transformers: Cyberworld
56%
2019 Transformers: Rescue Bots Academy
44%
2016 Transformers: Combiner Wars
39%
2017 Transformers: Titans Return
35%
2018 Transformers: Power of the Primes
33%
2020 War for Cybertron Trilogy
29%
No matching quizzes found
Score Distribution
Percent of People with Each Score
Percentile by Number Answered
Your Score History
You have not taken this quiz